| 000 | 01365nam a22001817a 4500 | ||
|---|---|---|---|
| 005 | 20250916150243.0 | ||
| 020 | _a9781009525268 | ||
| 082 | 0 | 0 | _a954.035 ANK/I |
| 100 | 1 |
_aAnkit, Rakesh, _91440 |
|
| 245 | 1 | 0 |
_aIndia in the interim : _bthe 1947-1951 Nehru government / _cby Rakesh Ankit. |
| 246 | 3 | 0 | _a1947-1951 Nehru government |
| 260 |
_a. - U.K _bCambridge University press _c, 2024 |
||
| 300 | _a256 pages | ||
| 504 | _aIncludes bibliographical references and index. | ||
| 520 | _a"This book shows a slice of the governmental interregnum from August 1947 to the start of the first general election in October 1951, and is a narrative of some of its intermediate moments in light of contemporary politics. It is a multi-track chronicle, which draws attention to its discrete, if not determining, impact on the following decade of consolidation. While it is also a map of the prime minister's words and actions, drawn as it is mainly from his papers, it is embedded in the government. It describes a time of transitional governance in independent India's early political history and gives a glimpse of its multiple individual traits, identity tensions and institutional trends. The Nehruvian gaze traced here shows what a constant flux governing in those unsettled post-partition years was"-- | ||
| 650 | 0 |
_aInterim governments _zIndia _91441 |
|
| 942 |
_2ddc _cBK |
||
| 999 |
_c751397 _d751397 |
||